| 000 | 00657nam a2200217 a 4500 | ||
|---|---|---|---|
| 005 | 20140310183450.0 | ||
| 008 | 090109s19uu xx 00 eng d | ||
| 020 | _a9780787998110 | ||
| 050 |
_aHD 66 _b.P346 2008 |
||
| 100 | _aParker, Glenn M. | ||
| 245 |
_aTeam players and teamwork : _bnew strategies for developing successful collaboration / _cGlenn M. Parker |
||
| 250 | _a2nd ed. | ||
| 260 |
_aSan Francisco, California : _bJohn Wiley & Sons, Inc, _c2008. |
||
| 300 |
_a229 p. : _c24 cm. |
||
| 521 | _aBSBA | ||
| 650 | _aBSBA. | ||
| 650 | _aTeams in the workplace. | ||
| 650 | _aCorporate culture. | ||
| 942 |
_cBK _2lcc _kFOR |
||
| 999 |
_c23378 _d23378 |
||